Saishin kaigo, fukushi no koto ga wakaru jiten /

Saved in:
Bibliographic Details
Corporate Author: Komyunitikea Purojekuto (Japan)
Format: Book
Language:Japanese
Published: Tōkyō : Nihon Jitsugyō Shuppansha, 2007.
Edition:Shohan.
Subjects:
Tags: Add Tag
No Tags, Be the first to tag this record!
LEADER 01324nam a2200349 a 4500
001 011395331-3
005 20090109131258.0
008 081120s2007 ja a f 001 0 jpn c
020 |a 9784534042637 
020 |a 4534042639 
035 0 |a ocn275169110 
040 |a UMC  |c UMC  |d HMY 
042 |a pcc 
043 |a a-ja--- 
050 4 |a HV1484.J32  |b S25 2007 
245 0 0 |6 880-01  |a Saishin kaigo, fukushi no koto ga wakaru jiten /  |c Komyunitikea Purojekuto hencho. 
246 3 0 |6 880-02  |a Kaigo, fukushi no koto ga akaru jiten 
250 |6 880-03  |a Shohan. 
260 |6 880-04  |a Tōkyō :  |b Nihon Jitsugyō Shuppansha,  |c 2007. 
300 |a 307, 3 p. :  |b ill. ;  |c 19 cm. 
500 |a Includes index. 
650 0 |a Older people  |x Services for  |z Japan  |v Handbooks, manuals, etc. 
650 0 |a Older people  |x Medical care  |z Japan  |v Handbooks, manuals, etc. 
710 2 |6 880-05  |a Komyunitikea Purojekuto (Japan) 
880 0 0 |6 245-01  |a 最新介護・福祉のことがわかる辞典/  |c コミュニティケア・プロジェクト編著. 
880 3 0 |6 246-02  |a 介護・福祉のことがわかる辞典 
880 |6 250-03  |a 初版. 
880 |6 260-04  |a 東京 :  |b 日本実業出版社,  |c 2007. 
880 2 |6 710-05  |a コミュニティケア・プロジェクト (Japan) 
988 |a 20080227 
049 |a HMYJ  |o d 
906 |0 OCLC